000 00796nam a2200205 a 4500
001 000949702
003 AM-YEHGA
005 20251029105828.0
008 130304s1962 ru a|||| |||| 00| 0 rus d
040 _aAM-YEHGA
041 0 _arus
245 0 0 _aФидий :
_b[Альбом репродукций /
_cСост. и авт. вступ. статьи А. Чубова].
260 _aМосква ;
_aЛенинград :
_bИзогиз,
_c1962.
300 _a[16] с., 16 л. ил. :
_bил.
440 0 _aМастера мирового искусства
600 0 4 _aФидий,
_d5 в. до н. э.
650 1 4 _aАнтичная скульптура
_xАльбомы
700 1 _aЧубова, Анна Петровна
_eсост.
_4com
_eавт. предисл.
_4aui
942 _2udc
_cBK
999 _c521301
_d521301